[Event "Baden op-B 30th"]
[Site "Baden"]
[Date "2002.04.26"]
[Round "1.4"]
[White "Winkler, Klaus Sr"]
[Black "Wagner, Erich"]
[Result "0-1"]
[WhiteElo "1584"]
[BlackElo "1813"]
[PlyCount "25"]
[EventDate "2002.04.26"]
[EventType "swiss"]
[EventRounds "5"]
[EventCountry "AUT"]
[SourceTitle "EXT 2003"]
[Source "ChessBase"]
[SourceDate "2002.11.25"]
[SourceVersion "1"]
[SourceVersionDate "2002.11.25"]
[SourceQuality "1"]

1. d4 Nf6 2. c4 g6 3. Nc3 Bg7 4. Nf3 0-0 5. e4 d6 6. Bd3 Nh5 7. Be3 Nc6 8. 0-0 Bg4 9. Be2 h6 10. Qd2 Qe8 11. Bxh6 Bxf3 12. Bxg7 Bxe2 13. Qh6 0-1